[Event "Contrecoeur-C"]
[Site "Contrecoeur"]
[Date "2018.11.03"]
[Round "3.10"]
[White "Breton, Jules"]
[Black "Perron, Bernard"]
[Result "1-0"]
[WhiteElo "1373"]
[BlackElo "1248"]
[PlyCount "105"]
[EventDate "2018.11.02"]
[EventType "swiss"]
[EventRounds "5"]
[EventCountry "CAN"]
[SourceTitle "EXT 2022"]
[Source "ChessBase"]
[SourceDate "2021.10.06"]
[SourceVersion "1"]
[SourceVersionDate "2021.10.06"]
[SourceQuality "1"]

1. c4 e5 2. Nc3 Nf6 3. e4 Bc5 4. Nf3 d6 5. d4 exd4 6. Nxd4 a6 7. Nb3 Bb4 8. Bd2 0-0 9. Bd3 Re8 10. Qe2 Nbd7 11. 0-0 Nc5 12. Bc2 Bf5 13. f3 Qd7 14. Bg5 Bxc3 15. bxc3 Qe6 16. Nd4 Qe5 17. f4 Bg4 18. fxe5 Bxe2 19. Nxe2 dxe5 20. Bxf6 gxf6 21. Rxf6 Kg7 22. Rf3 Re7 23. Ng3 Kh8 24. Nf5 Rd7 25. Rc1 Ne6 26. Ne3 Nf4 27. Nd5 Ne2+ 28. Kf2 Nxc1 29. Ba4 b5 30. cxb5 axb5 31. Bxb5 Rxa2+ 32. Kg3 Ne2+ 33. Kg4 f5+ 34. Kg5 Rg7+ 35. Kf6 Ra5 36. Bxe2 Rg6+ 37. Kxf5 Ra8 38. Kxe5 Re8+ 39. Kd4 Rd8 40. Ke3 Rxg2 41. Nxc7 Rc8 42. Nd5 Rxh2 43. Kd3 Rh4 44. Kd4 Re8 45. Bd3 Rd8 46. c4 Rg4 47. c5 Rg7 48. c6 Ra7 49. Bb5 h5 50. Rh3 Rh7 51. Kc5 h4 52. Ba6 Rg8 53. c7 1-0

[Event "Sherbrooke op-C"]
[Site "Sherbrooke"]
[Date "2008.05.24"]
[Round "3"]
[White "Breton, Jules"]
[Black "Viens, Nicolas"]
[Result "0-1"]
[WhiteElo "1248"]
[BlackElo "1350"]
[PlyCount "80"]
[EventDate "2008.05.23"]
[EventType "swiss"]
[EventRounds "5"]
[EventCountry "CAN"]
[SourceTitle "EXT 2011"]
[Source "ChessBase"]
[SourceDate "2010.11.26"]
[SourceVersion "1"]
[SourceVersionDate "2010.11.26"]
[SourceQuality "1"]

1. e4 e5 2. Nf3 Nc6 3. d4 exd4 4. Nxd4 Bb4+ 5. c3 Bd6 6. Be3 Be7 7. Be2 d6 8. 0-0 Bd7 9. b4 Nxd4 10. Bxd4 Nf6 11. e5 dxe5 12. Bxe5 0-0 13. Qc2 Re8 14. Bd4 c6 15. Bd3 g6 16. Nd2 Bf8 17. Nf3 Bg7 18. h3 Nd5 19. Bxg7 Kxg7 20. Rad1 Kg8 21. Qb2 Qc8 22. Rfe1 Rxe1+ 23. Rxe1 Bxh3 24. Re4 Bf5 25. Rd4 Bxd3 26. Rxd3 h5 27. c4 Nf4 28. Re3 Qg4 29. Ne1 h4 30. Kf1 h3 31. gxh3 Nxh3 32. Rg3 Qxc4+ 33. Kg2 Nf4+ 34. Kh2 Nh5 35. Rg2 Re8 36. Qd2 Re2 37. Qd8+ Kh7 38. Nf3 Qf4+ 39. Kg1 Qxf3 40. Qd1 Rxf2 0-1

[Event "Sherbrooke op-C"]
[Site "Sherbrooke"]
[Date "2004.05.28"]
[Round "1"]
[White "Breton, Jules"]
[Black "Charbonneau, Yves"]
[Result "1-0"]
[WhiteElo "1460"]
[BlackElo "1222"]
[PlyCount "57"]
[EventDate "2004.05.??"]
[EventType "swiss"]
[EventRounds "5"]
[EventCountry "CAN"]
[SourceTitle "EXT 2006"]
[Source "ChessBase"]
[SourceDate "2005.11.24"]
[SourceVersion "1"]
[SourceVersionDate "2005.11.24"]
[SourceQuality "1"]

1. e4 c5 2. Nf3 Nc6 3. c3 g6 4. d4 cxd4 5. cxd4 Bg7 6. Be3 e6 7. Bd3 Nge7 8. Nc3 a6 9. a3 0-0 10. Rc1 d5 11. e5 Nf5 12. 0-0 Nxe3 13. fxe3 Na5 14. h3 b5 15. Na2 Nc4 16. Bxc4 bxc4 17. b3 cxb3 18. Qxb3 Rb8 19. Qxb8 Qa5 20. Rxc8 Qxa3 21. Rxf8+ Bxf8 22. Nc1 Qxe3+ 23. Kh1 Kg7 24. Qb7 Qf4 25. Nh2 Qxd4 26. Qxf7+ Kh6 27. Qxf8+ Kh5 28. g4+ Kg5 29. Nf3# 1-0